Biggest South-American cities in 10° rectangles, on an empty map - Statistics

General Stats
  • This quiz has been taken 35 times
    21 since last reset
  • The average score is 13 of 26
Answers on the Map
Answers color-coded by a green-red scale on the quiz's map according to % correct below.
 
Answer Stats
Pop City % Correct
16.7 M Buenos Aires
100%
8.25 M Santiago
100%
22.1 M São Paulo
100%
10.4 M Bogotá
95%
11.8 M Lima
95%
2.15 M Asunción
85%
2.15 M Manaus
80%
4.92 M Belo Horizonte
70%
1.79 M Córdoba
70%
3.30 M Guayaquil
70%
2.40 M Santa Cruz
65%
2.02 M Belém
60%
3.67 M Recife
60%
3.20 M Salvador
60%
125 k Punta Arenas
30%
1.09 M Tucumán
30%
171 k Puerto Montt
20%
893 k Ciudad Guayana
15%
215 k Comodoro
15%
401 k La Serena
15%
458 k Macapá
15%
547 k Piura
15%
12.6 k Puerto Ayora
15%
667 k Cuiabá
10%
115 k Río Gallegos
10%
275 k Santarém
10%
No matching quizzes found
Score Distribution
Percent of People with Each Score
Percentile by Number Answered
Your Score History
You have not taken this quiz since the last reset